[Event "8th ch-Euro"]
[Site "Dresden GER"]
[Date "2007.04.04"]
[Round "2"]
[White "Jaracz,P"]
[Black "Khismatullin,D"]
[Result "1/2-1/2"]
[WhiteElo "2483"]
[BlackElo "2599"]
[EventDate "2007.04.03"]

1. e4 c5 2. Nf3 d6 3. d4 cxd4 4. Nxd4 Nf6 5. Nc3 a6 6. Bc4 e6 7. Bb3 Nbd7
8. Bg5 Qa5 9. Bxf6 Nxf6 10. O-O Qc5 11. Kh1 b5 12. f4 Bb7 13. Qd3 Be7 14.
Bxe6 fxe6 15. Nxe6 Qc4 16. Qxc4 bxc4 17. Nc7+ Kf7 18. Nxa8 Bxa8 19. Rfe1
Rb8 20. Rab1 d5 21. Nxd5 Nxd5 22. exd5 Bxd5 23. b3 c3 24. h3 Rb4 25. Rbd1
Re4 26. Kh2 Bc6 27. Rxe4 Bxe4 28. Re1 Bc6 29. Re3 Bf6 30. g4 g6 31. Kg3 h6
32. h4 Bd7 33. g5 hxg5 34. hxg5 Bg7 35. Kf3 Bc6+ 36. Kg3 Bd7 37. Kf3 Bf5
38. Re2 Bd4 39. b4 Ba7 40. a3 Bd4 41. Kg3 Be6 42. Kf3 Ke7 43. Ke4 Bg7 44.
Rh2 Kf7 45. Kd3 Bd5 46. Rh7 Kg8 47. Rh2 Kf8 48. Re2 Bc6 49. Rh2 1/2-1/2

[Event "8th ch-Euro"]
[Site "Dresden GER"]
[Date "2007.04.04"]
[Round "2"]
[White "Halkias,S"]
[Black "Urban,K"]
[Result "1/2-1/2"]
[WhiteElo "2583"]
[BlackElo "2452"]
[EventDate "2007.04.03"]

1. d4 Nf6 2. c4 d6 3. Nf3 Nbd7 4. Nc3 c6 5. e4 e5 6. Be2 Be7 7. O-O a6 8.
Nh4 g6 9. Bh6 Qb6 10. dxe5 dxe5 11. Rb1 Nc5 12. Nf3 Qc7 13. h3 Bf8 14. Qc1
Ncxe4 15. Nxe4 Nxe4 16. Bxf8 Kxf8 17. Bd3 Nc5 18. Qh6+ Kg8 19. Nxe5 Bxh3
20. Rfe1 Nxd3 21. Nxd3 Bf5 22. Rbd1 f6 23. Nc5 Kf7 24. Re3 Rab8 25. Rb3 b5
26. Ra3 Qb6 27. cxb5 cxb5 28. Nxa6 Rb7 29. Nb4 Bg4 1/2-1/2

[Event "8th ch-Euro"]
[Site "Dresden GER"]
[Date "2007.04.04"]
[Round "2"]
[White "Cornette,M"]
[Black "Palac,M"]
[Result "0-1"]
[WhiteElo "2482"]
[BlackElo "2571"]
[EventDate "2007.04.03"]

1. e4 c5 2. Nf3 Nc6 3. Bb5 e6 4. Bxc6 bxc6 5. d3 Ne7 6. Qe2 Qc7 7. Ng5 e5
8. f4 exf4 9. O-O Ng6 10. Qh5 Bd6 11. g3 fxg3 12. Rxf7 gxh2+ 13. Kh1 Ba6
14. Nxh7 Kxf7 15. Qf5+ Ke8 16. Qxg6+ Kd8 17. Qxg7 Be5 18. Nf6 Kc8 19. Qxh8+
Kb7 20. Qh6 Bxf6 21. Bf4 Qd8 22. e5 Qg8 23. Nc3 Qg4 24. Rf1 Bg7 25. Qd6 Rg8
26. Ne4 Bf8 27. Nxc5+ Ka8 0-1

[Event "8th ch-Euro"]
[Site "Dresden GER"]
[Date "2007.04.04"]
[Round "2"]
[White "Pavasovic,D"]
[Black "Esen,B"]
[Result "1-0"]
[WhiteElo "2575"]
[BlackElo "2447"]
[EventDate "2007.04.03"]

1. e4 c5 2. Nf3 d6 3. d4 cxd4 4. Qxd4 Nc6 5. Bb5 Bd7 6. Bxc6 Bxc6 7. Nc3 h6
8. Qd3 e5 9. Nd2 Nf6 10. Nc4 Be7 11. Ne3 g6 12. O-O Qd7 13. a4 b6 14. Rd1
Rc8 15. b3 Qb7 16. f3 Rd8 17. Qe2 O-O 18. Ned5 Kg7 19. a5 Nxd5 20. Nxd5
Bxd5 21. Rxd5 Rc8 22. Be3 Rc6 23. axb6 axb6 24. Qd2 g5 25. h4 f6 26. Rb5
Bd8 27. c4 Rf7 28. h5 Qc8 29. Qd5 Rb7 30. Rb4 Qd7 31. Ra8 Rc8 32. Ra6 Qf7
33. Bxb6 Qxd5 34. exd5 Rcb8 35. Bxd8 Rxb4 36. Rxd6 Rxb3 37. Bxf6+ Kf7 38.
Bxe5 R8b6 39. Rd7+ Ke8 40. Rh7 Re3 41. Bd4 Rb1+ 42. Kh2 Rd3 43. Bf6 Rc1 44.
Rxh6 Rxc4 45. Bxg5 Rxd5 46. f4 Rd2 47. Rg6 Kf7 48. Rf6+ Kg8 49. h6 Rcc2 50.
Rg6+ Kh8 51. Kh3 Rd7 52. Re6 Kh7 53. g3 Rc3 54. Kg4 Rcd3 55. Re8 Rf7 56.
Kh4 Rd1 57. g4 Rh1+ 58. Kg3 Rg1+ 59. Kf3 Rf1+ 60. Kg2 Rb1 61. f5 Rb2+ 62.
Kg3 Rb3+ 63. Be3 Rb4 64. Bf4 Ra4 65. Re5 Ra3+ 66. Be3 Rb3 67. g5 Rxf5 68.
Rxf5 Rxe3+ 69. Kf4 Re1 70. Rf7+ Kg8 71. Ra7 Rb1 72. Re7 Rb3 73. Kf5 Ra3 74.
Kg6 Ra6+ 75. Kf5 Rb6 76. Re6 Rb8 77. g6 Ra8 78. Rd6 Rf8+ 79. Ke6 Rc8 80.
Kf6 Kh8 1-0

[Event "8th ch-Euro"]
[Site "Dresden GER"]
[Date "2007.04.04"]
[Round "2"]
[White "Gordon,S"]
[Black "Prusikin,M"]
[Result "0-1"]
[WhiteElo "2486"]
[BlackElo "2571"]
[EventDate "2007.04.03"]

1. d4 Nf6 2. c4 e6 3. Nf3 d5 4. Nc3 Bb4 5. cxd5 exd5 6. Bg5 h6 7. Bh4 g5 8.
Bg3 Ne4 9. Nd2 Nxg3 10. hxg3 c6 11. e3 Be6 12. Qc2 Nd7 13. a3 Bd6 14. Bd3
Qe7 15. e4 dxe4 16. Ndxe4 Bc7 17. O-O-O O-O-O 18. Rhe1 Kb8 19. Ne2 Rhe8 20.
Kb1 Bb6 21. Rh1 Nf6 22. Nxf6 Qxf6 23. Be4 Bxd4 24. Nxd4 Rxd4 25. Rxd4 Qxd4
26. f3 Rd8 27. g4 a5 28. Qc3 Qxc3 29. bxc3 Rd6 30. Kc1 Bc4 31. Bf5 Kc7 32.
Re1 Be6 33. Re5 Rd5 0-1

[Event "8th ch-Euro"]
[Site "Dresden GER"]
[Date "2007.04.04"]
[Round "2"]
[White "Holzke,F"]
[Black "Kurnosov,I"]
[Result "1/2-1/2"]
[WhiteElo "2467"]
[BlackElo "2580"]
[EventDate "2007.04.03"]

1. e4 e5 2. Nf3 Nc6 3. Bb5 Nf6 4. O-O Nxe4 5. d4 Nd6 6. Bxc6 dxc6 7. dxe5
Nf5 8. Qxd8+ Kxd8 9. Nc3 Bd7 10. Rd1 Kc8 11. Ng5 Be8 12. b3 b6 13. Bb2 Be7
14. Nge4 Kb7 15. h3 h5 16. Rd3 Rd8 17. Rxd8 Bxd8 18. Rd1 Kc8 19. Kf1 Bd7
20. Bc1 Re8 21. Bf4 Nh4 22. Bh2 Ng6 23. f4 h4 24. Kf2 Bf5 25. Kf3 Nf8 26.
Rd2 Ne6 27. Nd1 Bg6 28. Ne3 f5 29. exf6 gxf6 30. f5 Bh5+ 31. Ng4 c5 32. c3
Ng5+ 33. Nxg5 fxg5 34. Re2 Rf8 1/2-1/2

[Event "8th ch-Euro"]
[Site "Dresden GER"]
[Date "2007.04.04"]
[Round "2"]
[White "Korneev,O"]
[Black "Orlov,And"]
[Result "1/2-1/2"]
[WhiteElo "2606"]
[BlackElo "2447"]
[EventDate "2007.04.03"]

1. e4 e5 2. Nf3 Nf6 3. d4 Nxe4 4. Bd3 d5 5. Nxe5 Nd7 6. Nxd7 Bxd7 7. O-O
Bd6 8. Nc3 Nxc3 9. bxc3 O-O 10. Qh5 f5 11. Rb1 b6 12. Bg5 Qe8 13. Qf3 Qg6
14. Bf4 Bxf4 15. Qxf4 Qd6 16. g3 Qxf4 17. gxf4 Rfe8 18. Rfe1 Rxe1+ 19. Rxe1
Kf7 20. c4 dxc4 21. Bxc4+ Kf6 1/2-1/2

[Event "8th ch-Euro"]
[Site "Dresden GER"]
[Date "2007.04.04"]
[Round "2"]
[White "Handke,F"]
[Black "Lupulescu,C"]
[Result "1/2-1/2"]
[WhiteElo "2459"]
[BlackElo "2566"]
[EventDate "2007.04.03"]

1. e4 c5 2. Nf3 d6 3. c3 Nf6 4. Be2 e6 5. O-O Be7 6. Re1 O-O 7. Bf1 b6 8.
d4 Ba6 9. c4 cxd4 10. Nxd4 Bb7 11. Nc3 Nbd7 12. f3 a6 13. Be3 Rc8 14. Qd2
Qc7 15. a4 Ne5 16. Rec1 Qb8 17. b3 Bd8 18. Kh1 Kh8 19. Nc2 Rg8 20. Rd1 Bc7
21. Nb4 Ned7 22. Bg1 Rgd8 23. Qb2 Qa8 24. Bd4 Qb8 25. Bg1 h6 26. Rab1 Qa8
27. Bd4 Qb8 28. Bg1 Qa8 29. Bd4 1/2-1/2

[Event "8th ch-Euro"]
[Site "Dresden GER"]
[Date "2007.04.04"]
[Round "2"]
[White "Lopez Martinez,J"]
[Black "Szabo,Kr1"]
[Result "1/2-1/2"]
[WhiteElo "2550"]
[BlackElo "2465"]
[EventDate "2007.04.03"]

1. e4 e5 2. Nf3 Nc6 3. Bb5 a6 4. Ba4 Nf6 5. O-O Nxe4 6. d4 b5 7. Bb3 d5 8.
dxe5 Be6 9. Be3 Be7 10. c3 O-O 11. Nbd2 Qd7 12. Bc2 f5 13. exf6 Nxf6 14. a4
b4 15. Bd3 Bd6 16. Qe2 Ng4 17. Bd4 Nxd4 18. cxd4 Bf5 19. Bxf5 Qxf5 20. Rac1
Rae8 21. Qd1 Re6 22. h3 Nf6 23. Qb3 Kh8 24. Ne5 c5 25. f4 c4 26. Qf3 Bxe5
1/2-1/2

[Event "8th ch-Euro"]
[Site "Dresden GER"]
[Date "2007.04.04"]
[Round "2"]
[White "Epishin,V"]
[Black "Klokas,K"]
[Result "1-0"]
[WhiteElo "2554"]
[BlackElo "2231"]
[EventDate "2007.04.03"]

1. d4 d6 2. Nf3 g6 3. e4 Nf6 4. Nbd2 Bg7 5. Be2 O-O 6. O-O c5 7. dxc5 dxc5
8. c3 Qc7 9. Qc2 Bd7 10. Re1 Bc6 11. a4 Nbd7 12. h3 Nh5 13. Bb5 a6 14. Bxc6
Qxc6 15. a5 c4 16. e5 Nf4 17. Re4 g5 18. Nxg5 Qg6 19. Ndf3 Nxg2 20. Kxg2 h6
21. Nh4 Qc6 22. Nf5 Kh8 23. Nxe7 1-0

[Event "8th ch-Euro"]
[Site "Dresden GER"]
[Date "2007.04.04"]
[Round "2"]
[White "Roos,M GER"]
[Black "Drozdovskij,Y"]
[Result "1/2-1/2"]
[WhiteElo "2349"]
[BlackElo "2562"]
[EventDate "2007.04.03"]

1. Nf3 d5 2. d4 Nf6 3. c4 c6 4. e3 a6 5. Bd3 Bg4 6. Nbd2 Nbd7 7. O-O e6 8.
b3 Bd6 9. Qc2 Bh5 10. Bb2 Qb8 11. h3 O-O 12. Ng5 Bg6 13. Bxg6 hxg6 14. e4
Bf4 15. Ndf3 Bxg5 16. Nxg5 dxe4 17. Nxe4 Qf4 18. Rfe1 Rfe8 19. Rad1 Qf5 20.
Rd3 Nxe4 21. Rf3 Qa5 22. Rxe4 Nf6 23. Bc3 Qc7 24. Re1 b5 25. Qd2 Re7 26.
Qg5 Nh7 27. Qg4 Nf6 28. Qg5 Nh7 29. Qg4 1/2-1/2

[Event "8th ch-Euro"]
[Site "Dresden GER"]
[Date "2007.04.04"]
[Round "2"]
[White "Eisenbeiser,A"]
[Black "Berelovich,A"]
[Result "0-1"]
[WhiteElo "2329"]
[BlackElo "2549"]
[EventDate "2007.04.03"]

1. e4 e6 2. d4 d5 3. Nd2 c5 4. exd5 exd5 5. Ngf3 Nf6 6. Bb5+ Bd7 7. Bxd7+
Nbxd7 8. O-O Be7 9. dxc5 Nxc5 10. Nb3 Nce4 11. c3 O-O 12. Be3 Re8 13. Qd3
Qc7 14. Rad1 a6 15. Bd4 Bd6 16. Bxf6 Nxf6 17. Nbd4 g6 18. Nc2 Bc5 19. Rfe1
Qb6 20. Ne3 Bxe3 21. Rxe3 Qxb2 22. c4 Rxe3 23. fxe3 Ng4 24. Nd2 dxc4 25.
Nxc4 Qf2+ 26. Kh1 Qh4 0-1

[Event "8th ch-Euro"]
[Site "Dresden GER"]
[Date "2007.04.04"]
[Round "2"]
[White "Schlawin,M"]
[Black "Ovetchkin,R"]
[Result "1/2-1/2"]
[WhiteElo "2306"]
[BlackElo "2534"]
[EventDate "2007.04.03"]

1. e4 c6 2. d4 d5 3. exd5 cxd5 4. c4 Nf6 5. Nc3 e6 6. Nf3 Bb4 7. cxd5 exd5
8. Bd3 O-O 9. Ne5 Qc7 10. Qb3 Bxc3+ 11. bxc3 Nc6 12. Nxc6 Qxc6 13. O-O Be6
14. Bf4 Nh5 15. Bg3 Nxg3 16. hxg3 Rac8 17. Rfc1 Rc7 18. Qb4 Rd8 19. a4 g6
20. a5 1/2-1/2

[Event "8th ch-Euro"]
[Site "Dresden GER"]
[Date "2007.04.04"]
[Round "2"]
[White "Zelcic,R"]
[Black "Boettger,L"]
[Result "1-0"]
[WhiteElo "2557"]
[BlackElo "2096"]
[EventDate "2007.04.03"]

1. e4 d5 2. exd5 Qxd5 3. Nc3 Qa5 4. d4 Nf6 5. Bc4 Bg4 6. f3 Bf5 7. Bd2 Qb6
8. g4 Bg6 9. h4 h6 10. Nge2 e6 11. Nf4 Nc6 12. Bb5 O-O-O 13. Bxc6 Qxc6 14.
Nxg6 fxg6 15. Qe2 Kb8 16. O-O-O Rxd4 17. Bxh6 Rd7 18. Bg5 Bd6 19. Kb1 e5
20. Rhe1 Rf7 21. Qd3 Nd7 22. Qxg6 Qxf3 23. Re3 Qf2 24. Ne4 Nf8 25. Qxd6
cxd6 26. Nxf2 Rxf2 27. Be7 d5 28. Rxe5 Ng6 29. Bd6+ Kc8 30. Rexd5 Rxh4 31.
Bg3 1-0

[Event "8th ch-Euro"]
[Site "Dresden GER"]
[Date "2007.04.04"]
[Round "2"]
[White "Hillarp Persson,T"]
[Black "Schmidt,Rau"]
[Result "1-0"]
[WhiteElo "2557"]
[BlackElo "1979"]
[EventDate "2007.04.03"]

1. d4 Nf6 2. c4 d6 3. Nc3 Bf5 4. g3 c6 5. Bg2 e5 6. e4 exd4 7. Qxd4 Be6 8.
Nge2 Nbd7 9. b3 Qa5 10. Qd2 h5 11. h3 O-O-O 12. Bb2 d5 13. cxd5 cxd5 14.
exd5 Nb6 15. O-O-O Bb4 16. Qc2 Bd7 17. a3 Bxa3 18. Nb5+ Kb8 19. Nxa3 Rc8
20. Nc4 Nxc4 21. bxc4 Rxc4 22. Qxc4 Rc8 23. Qxc8+ Bxc8 24. Nc3 b5 25. Ne4
Bf5 26. Be5+ Ka8 27. Nxf6 Qa3+ 28. Kd2 Qa5+ 29. Ke2 b4 30. Kf1 a6 31. d6+
Ka7 32. d7 Qd8 33. Bd4+ Kb8 34. Bb6 1-0

[Event "8th ch-Euro"]
[Site "Dresden GER"]
[Date "2007.04.04"]
[Round "2"]
[White "Shomoev,A"]
[Black "Katte,N"]
[Result "1-0"]
[WhiteElo "2556"]
[BlackElo "1928"]
[EventDate "2007.04.03"]

1. e4 e5 2. f4 exf4 3. Bc4 Qh4+ 4. Kf1 Nf6 5. Nf3 Qh5 6. Qe1 Be7 7. e5 Ng4
8. Nc3 Nc6 9. Nd5 O-O 10. Nxf4 Qh6 11. d4 Bg5 12. Nxg5 Qxg5 13. c3 d6 14.
exd6 cxd6 15. Qg3 Re8 16. Kg1 Qf6 17. h3 Nh6 18. Nd5 Qg6 19. Qxg6 hxg6 20.
Bxh6 Be6 21. Bf4 b5 22. Bxb5 Rac8 23. Kf2 1-0

[Event "8th ch-Euro"]
[Site "Dresden GER"]
[Date "2007.04.04"]
[Round "2"]
[White "Tkachiev,V"]
[Black "Guliev,L"]
[Result "1-0"]
[WhiteElo "2649"]
[BlackElo "2450"]
[EventDate "2007.04.03"]

1. d4 Nf6 2. Nf3 e6 3. c4 Bb4+ 4. Nbd2 O-O 5. a3 Be7 6. e4 d5 7. Qc2 dxe4
8. Nxe4 Nxe4 9. Qxe4 Nd7 10. Bd3 Nf6 11. Qh4 b6 12. Bg5 g6 13. O-O-O Bb7
14. d5 e5 15. Rhe1 Qd6 16. Nxe5 Bd8 17. g4 b5 18. Re3 Nxd5 19. Nxf7 Rxf7
20. Re8+ Rf8 21. Rxf8+ Qxf8 22. cxd5 Bxd5 23. Bxg6 Qc5+ 24. Kb1 hxg6 25.
Bxd8 Be4+ 26. Ka1 Qc2 27. Rg1 b4 28. Bf6 Kf7 29. g5 Re8 30. Qf4 bxa3 31.
Rc1 Qd3 32. Qxc7+ Ke6 33. Qe5+ 1-0

[Event "8th ch-Euro"]
[Site "Dresden GER"]
[Date "2007.04.04"]
[Round "2"]
[White "Sargissian,G"]
[Black "Iskusnyh,S"]
[Result "1/2-1/2"]
[WhiteElo "2658"]
[BlackElo "2482"]
[EventDate "2007.04.03"]

1. d4 d5 2. c4 c6 3. Nf3 Nf6 4. Nc3 a6 5. c5 Bf5 6. Bf4 Nbd7 7. e3 e6 8.
Be2 Ne4 9. Bd3 Ndf6 10. Ne5 g5 11. Bxe4 Nxe4 12. Bg3 h5 13. Nxe4 Bxe4 14.
f3 Bh7 15. O-O f6 16. Nd3 h4 17. Be1 Bg7 18. h3 O-O 19. Nf2 Qe7 20. b4 e5
21. dxe5 Qxe5 22. Ng4 Qe7 23. Bc3 Rae8 24. f4 Bf5 25. Bd4 Bxg4 26. Qxg4 f5
27. Qh5 gxf4 28. Rxf4 Bxd4 29. exd4 Qe3+ 30. Rf2 Qxd4 31. Raf1 Re4 32. Qg5+
Kh7 33. Qh5+ Kg8 34. Qg5+ Kh8 35. Qh5+ Kg8 1/2-1/2

[Event "8th ch-Euro"]
[Site "Dresden GER"]
[Date "2007.04.04"]
[Round "2"]
[White "Gasthofer,A"]
[Black "Miroshnichenko,E"]
[Result "1-0"]
[WhiteElo "2450"]
[BlackElo "2632"]
[EventDate "2007.04.03"]

1. Nf3 c5 2. c4 Nc6 3. Nc3 e5 4. g3 g6 5. Bg2 Bg7 6. O-O Nge7 7. d3 O-O 8.
a3 a5 9. Ne1 d6 10. Nc2 Be6 11. Ne3 f5 12. Ned5 h6 13. Rb1 Bf7 14. b4 Nxd5
15. Nxd5 axb4 16. axb4 cxb4 17. Nxb4 Nxb4 18. Rxb4 d5 19. Rxb7 dxc4 20.
Rxf7 Rxf7 21. Bxa8 Qxa8 22. dxc4 Qc6 23. Qd5 Qxd5 24. cxd5 Rd7 25. Rd1 e4
26. Kg2 Kf7 27. f3 exf3+ 28. Kxf3 Re7 29. h3 h5 30. Bf4 Rb7 31. Rc1 Bf6 32.
Rc7+ Rxc7 33. Bxc7 Bc3 34. Kf4 Bg7 35. d6 1-0

[Event "8th ch-Euro"]
[Site "Dresden GER"]
[Date "2007.04.04"]
[Round "2"]
[White "Loeffler,S"]
[Black "Sakaev,K"]
[Result "0-1"]
[WhiteElo "2448"]
[BlackElo "2641"]
[EventDate "2007.04.03"]

1. d4 Nf6 2. c4 e6 3. Nf3 b6 4. g3 Ba6 5. Qc2 c5 6. d5 exd5 7. cxd5 Bb7 8.
Bg2 Nxd5 9. O-O Be7 10. Rd1 Nc6 11. Qf5 Nf6 12. e4 g6 13. Qf4 h6 14. e5 Nh5
15. Qg4 Ng7 16. Nc3 Ne6 17. Be3 h5 18. Qa4 a6 19. Rd2 b5 20. Qd1 c4 21. Nd5
Nb4 22. Bb6 Qc8 23. Nxe7 Kxe7 24. Rd6 Nd3 25. b3 Kf8 26. bxc4 bxc4 27. Qa4
Kg7 28. Bd4 h4 29. Rb1 h3 30. Rxd7 Bc6 31. Rxf7+ Kxf7 32. Ng5+ Nxg5 33.
Bxc6 Rb8 34. Rxb8 Qxb8 35. Qxc4+ Ne6 36. Qxd3 Nxd4 37. Bd5+ Kg7 38. f4 Qb6
0-1

[Event "8th ch-Euro"]
[Site "Dresden GER"]
[Date "2007.04.04"]
[Round "2"]
[White "Skoberne,J"]
[Black "Smirnov,P"]
[Result "0-1"]
[WhiteElo "2436"]
[BlackElo "2621"]
[EventDate "2007.04.03"]

1. c4 e6 2. d4 d5 3. Nf3 Nf6 4. g3 dxc4 5. Bg2 Nc6 6. O-O Rb8 7. a4 a6 8.
e3 b5 9. axb5 axb5 10. b3 cxb3 11. Qxb3 Be7 12. Bb2 O-O 13. Rc1 Bb7 14.
Nfd2 Nb4 15. Ra7 Bxg2 16. Kxg2 c5 17. dxc5 Nd3 18. Rc3 Nxc5 19. Qc2 Na4 20.
Rd3 Nd5 21. Ba1 Nc5 22. Rd4 e5 23. Rg4 Nf6 24. Rg5 Nd3 25. Qb3 Nd5 26. Rg4
Bc5 27. Ra6 Bxe3 28. Ne4 Bb6 0-1

[Event "8th ch-Euro"]
[Site "Dresden GER"]
[Date "2007.04.04"]
[Round "2"]
[White "Efimenko,Z"]
[Black "Paehtz,T sr"]
[Result "1-0"]
[WhiteElo "2616"]
[BlackElo "2427"]
[EventDate "2007.04.03"]

1. e4 e5 2. Bc4 Nf6 3. d3 c6 4. Nf3 d5 5. Bb3 Bd6 6. exd5 Nxd5 7. O-O O-O
8. Re1 Nd7 9. Nbd2 Bc7 10. Ne4 h6 11. Bd2 N7f6 12. Ng3 Re8 13. h3 a5 14. a3
a4 15. Ba2 Bd7 16. Nh4 e4 17. Nhf5 Bxg3 18. Nxg3 exd3 19. Rxe8+ Bxe8 20. c4
Nc7 21. Bc3 c5 22. Bb1 Ne6 23. Bxd3 Bc6 24. Qd2 Nd4 25. Re1 Kf8 26. Qf4 Qb8
27. Qe3 Qd6 28. Nf5 Nxf5 29. Bxf5 b6 30. Be5 Qe7 31. Qf4 Kg8 32. Bc3 Qd8
33. Re3 Nh5 34. Qg4 Qg5 35. Qxg5 hxg5 36. g3 Rd8 37. Rd3 Rxd3 38. Bxd3 Nf6
39. Be5 Nd7 40. Bc7 g6 41. Kf1 Kg7 42. Ke2 f6 43. Ke3 Kf7 44. f4 gxf4+ 45.
Kxf4 f5 46. h4 Nf6 47. Be2 Nd7 48. h5 Be4 49. hxg6+ Kxg6 50. Bd1 Bd3 51.
Bxa4 Nf6 52. Bb5 Nh5+ 53. Ke3 Bc2 54. Be8+ Kg5 55. Bxh5 Kxh5 56. Bxb6 Bb3
57. Kd3 Kg4 58. Kc3 Ba4 59. Bxc5 Kxg3 1-0

[Event "8th ch-Euro"]
[Site "Dresden GER"]
[Date "2007.04.04"]
[Round "2"]
[White "Vehi Bach,V"]
[Black "Graf,A"]
[Result "1/2-1/2"]
[WhiteElo "2368"]
[BlackElo "2610"]
[EventDate "2007.04.03"]

1. e4 e6 2. d4 d5 3. Nc3 Nf6 4. Bg5 Be7 5. e5 Ne4 6. Nxe4 dxe4 7. Bxe7 Qxe7
8. Qd2 c5 9. O-O-O Bd7 10. Ne2 Nc6 11. Qe3 cxd4 12. Qxe4 Qc5 13. f4 Rc8 14.
Rd2 Nb4 15. Qxd4 Qxd4 16. Nxd4 Nxa2+ 17. Kb1 Nb4 18. Bb5 Bxb5 19. Nxb5 Ke7
20. Rhd1 Nd5 21. Nd6 Rc5 22. c4 Nb6 23. b3 Rb8 24. Ne4 Rc7 25. Kb2 Nd7 26.
Ng5 b5 27. cxb5 Nc5 28. Nf3 Rxb5 29. Nd4 Rbb7 30. Ka3 Ne4 31. Rc2 Rxc2 32.
Nxc2 Nc3 33. Rd3 Nd5 34. g3 f6 35. exf6+ Kxf6 36. Ne3 Nxe3 37. Rxe3 Rb5 38.
Ka4 Rh5 39. h4 Rd5 40. b4 h6 41. b5 g5 42. fxg5+ hxg5 43. Rf3+ Ke7 44. hxg5
Rxg5 45. Kb4 Kd6 46. Rf7 Rxg3 47. Rxa7 e5 48. Ra8 Kc7 1/2-1/2

[Event "8th ch-Euro"]
[Site "Dresden GER"]
[Date "2007.04.04"]
[Round "2"]
[White "Golod,V"]
[Black "Richter,Mic"]
[Result "1-0"]
[WhiteElo "2597"]
[BlackElo "2396"]
[EventDate "2007.04.03"]

1. d4 e6 2. c4 d5 3. Nf3 Nf6 4. Nc3 dxc4 5. Qa4+ Nc6 6. Bg5 Bb4 7. Bxf6
Qxf6 8. a3 Bxc3+ 9. bxc3 O-O 10. e3 e5 11. Qxc4 exd4 12. cxd4 Be6 13. Qc5
Rad8 14. Be2 Bd5 15. O-O b6 16. Qc3 Rfe8 17. Rac1 Re7 18. Rfd1 h6 19. h3
Na5 20. Ne5 Qd6 21. Bf3 Bb3 22. Nc6 Bxd1 23. Nxe7+ Qxe7 24. Bxd1 c5 25.
dxc5 Qxc5 26. Qxc5 bxc5 27. Be2 Rc8 28. Bc4 Kf8 29. Kf1 Ke7 30. Ke2 Rb8 31.
Bd5 Rb2+ 32. Ke1 Nb3 33. Rc3 c4 34. Bxc4 Rb1+ 35. Ke2 Rb2+ 36. Ke1 Rb1+ 37.
Ke2 Rb2+ 38. Kd1 Na5 39. Be2 Ra2 40. f4 Kf6 41. Bf3 g5 42. Bd5 Rb2 43. Rc7
gxf4 44. exf4 Rb5 45. Rxf7+ Kg6 46. Rd7 Kf5 47. g3 h5 48. Ke2 h4 49. Kf3
hxg3 50. Rd6 1-0

[Event "8th ch-Euro"]
[Site "Dresden GER"]
[Date "2007.04.04"]
[Round "2"]
[White "Nataf,IA"]
[Black "Martinovic,Sa"]
[Result "1-0"]
[WhiteElo "2589"]
[BlackElo "2378"]
[EventDate "2007.04.03"]

1. e4 e6 2. d4 d5 3. Nc3 Bb4 4. exd5 exd5 5. Bd3 Ne7 6. a3 Bxc3+ 7. bxc3
Bf5 8. Ne2 O-O 9. O-O Nbc6 10. Ng3 Bxd3 11. cxd3 Qd6 12. Qf3 Rfe8 13. Bf4
Qd7 14. Nh5 Qf5 15. Rae1 Rac8 16. Re2 Qg6 17. Rfe1 f6 18. Bg3 Qf7 19. Nf4
Nf5 20. Rxe8+ Rxe8 21. Rxe8+ Qxe8 22. Qxd5+ Kh8 23. Qe6 Nce7 24. h3 Qa4 25.
Nd5 Qxa3 26. Kh2 h6 27. Nxe7 Nxe7 28. Bxc7 Ng6 29. d5 Qxc3 30. Bg3 Qxd3 31.
d6 Kh7 32. Qc8 Ne5 33. Bxe5 fxe5 34. d7 1-0

[Event "8th ch-Euro"]
[Site "Dresden GER"]
[Date "2007.04.04"]
[Round "2"]
[White "Iordachescu,V"]
[Black "Donchenko,A"]
[Result "1-0"]
[WhiteElo "2563"]
[BlackElo "2402"]
[EventDate "2007.04.03"]

1. e4 c5 2. Nf3 d6 3. d4 cxd4 4. Nxd4 Nf6 5. Nc3 Nc6 6. Bg5 Bd7 7. Qd2 Rc8
8. Nb3 a6 9. O-O-O e6 10. f4 Be7 11. Bxf6 gxf6 12. Be2 h5 13. Kb1 Na5 14.
f5 Nxb3 15. axb3 Qa5 16. Bf3 Qe5 17. Ne2 Bf8 18. Nf4 Bh6 19. g3 Bxf4 20.
gxf4 Qc5 21. fxe6 Bxe6 22. Rhe1 Bg4 23. Bxg4 hxg4 24. e5 fxe5 25. fxe5 dxe5
26. b4 Qe7 27. Rxe5 Qxe5 28. Qd7+ Kf8 29. Qxc8+ Kg7 30. Qxg4+ Kh6 31. Qh4+
Qh5 32. Qf6+ Kh7 33. Rd4 1-0

[Event "8th ch-Euro"]
[Site "Dresden GER"]
[Date "2007.04.04"]
[Round "2"]
[White "Pirrot,D"]
[Black "Babula,V"]
[Result "1/2-1/2"]
[WhiteElo "2420"]
[BlackElo "2584"]
[EventDate "2007.04.03"]

1. e4 c5 2. c3 d5 3. exd5 Qxd5 4. d4 g6 5. dxc5 Qxc5 6. Be3 Qc7 7. Na3 Nc6
8. Bc4 Nf6 9. Qb3 e6 10. Nb5 Qb8 11. Ne2 a6 12. Bf4 axb5 13. Bxb8 bxc4 14.
Qxc4 Rxb8 15. Nd4 Bd7 16. Nb5 Be7 17. O-O O-O 18. Rad1 Ra8 19. a3 Na5 20.
Qe2 Rfc8 21. Nd6 Rc7 22. Nb5 Bxb5 23. Qxb5 Nc4 24. Rd4 Rac8 25. Rfd1 Nd5
26. g3 Bf6 27. Rxd5 exd5 28. Rxd5 b6 29. h4 Re7 30. a4 Re1+ 31. Kg2 Re2 32.
Qa6 Rc7 33. Rd6 Kg7 34. Rxb6 Nxb6 35. Qxe2 Nxa4 36. Qb5 Nc5 37. h5 gxh5 38.
c4 Bd4 39. b4 Rb7 40. Qa5 Ne6 41. Qa3 Ra7 42. Qb3 Ra1 43. Qc2 Ra3 44. b5
Rc3 45. Qe2 Rb3 46. Qxh5 Rb2 47. Qg4+ Kf8 48. Qe4 Rxf2+ 49. Kh1 Ng5 50.
Qxd4 Rh2+ 51. Kxh2 Nf3+ 52. Kg2 Nxd4 53. Kf2 Ke7 54. Ke3 Nf5+ 55. Kf4 Ke6
56. b6 Nd4 57. b7 Nc6 58. Kg5 Kd6 59. Kf6 1/2-1/2

[Event "8th ch-Euro"]
[Site "Dresden GER"]
[Date "2007.04.04"]
[Round "2"]
[White "Luther,T"]
[Black "Durarbeyli,V"]
[Result "1/2-1/2"]
[WhiteElo "2580"]
[BlackElo "2312"]
[EventDate "2007.04.03"]

1. e4 c5 2. Nf3 e6 3. d4 cxd4 4. Nxd4 a6 5. Bd3 Bc5 6. Nb3 Ba7 7. Qe2 Nc6
8. Be3 d6 9. f4 Nf6 10. Bxa7 Rxa7 11. N1d2 O-O 12. O-O-O b5 13. Kb1 Qc7 14.
g4 a5 15. g5 Nd7 16. c3 b4 17. Rc1 Qb8 1/2-1/2

[Event "8th ch-Euro"]
[Site "Dresden GER"]
[Date "2007.04.04"]
[Round "2"]
[White "Jirka,J"]
[Black "Nyback,T"]
[Result "0-1"]
[WhiteElo "2360"]
[BlackElo "2604"]
[EventDate "2007.04.03"]

1. d4 Nf6 2. c4 g6 3. g3 Bg7 4. Bg2 d5 5. cxd5 Nxd5 6. e4 Nb6 7. Ne2 O-O 8.
O-O Na6 9. a4 c5 10. d5 e6 11. Nec3 exd5 12. exd5 Nc4 13. Nd2 Nxd2 14. Bxd2
Bf5 15. Be3 Qd7 16. Qb3 b6 17. Qb5 Nb4 18. Qxd7 Bxd7 19. Rad1 Rfe8 20. Rd2
Be5 21. Bh6 Rad8 22. h3 f6 23. a5 Kf7 24. Kh2 Bf5 25. axb6 axb6 26. Ra1 Ra8
27. Rxa8 Rxa8 28. f4 Bb8 29. d6 Ra7 30. Nd5 Rd7 31. Nxb4 cxb4 32. g4 Be6
33. f5 Bxd6+ 34. Rxd6 Rxd6 35. fxe6+ Kxe6 36. Bf4 Rd4 37. Kg3 Rd1 38. Be3
Ke5 39. Bf4+ Kd4 40. g5 f5 41. Bd6 Rd2 42. Bxb4 Rxb2 43. Bd6 b5 44. Bf3 b4
45. Kf4 Kc4 46. Bc6 b3 47. Be8 Rf2+ 48. Kg3 b2 49. Bf7+ Kd3 50. Kxf2 b1=Q
51. Bf4 Ke4 0-1

[Event "8th ch-Euro"]
[Site "Dresden GER"]
[Date "2007.04.04"]
[Round "2"]
[White "Zherebukh,Y"]
[Black "Solak,D"]
[Result "1/2-1/2"]
[WhiteElo "2359"]
[BlackElo "2564"]
[EventDate "2007.04.03"]

1. e4 c5 2. Nf3 Nc6 3. d4 cxd4 4. Nxd4 g6 5. Nc3 Bg7 6. Be3 Nf6 7. Bc4 O-O
8. Bb3 d6 9. f3 Bd7 10. Qd2 Nxd4 11. Bxd4 b5 12. h4 a5 13. a4 bxa4 14. Nxa4
Bc6 15. Qc3 Qe8 16. Nb6 Ra6 17. Qd3 Bb5 18. Bc4 Bxc4 19. Qxc4 Ra7 20. Nd5
Ra8 21. Nb6 Ra7 22. Nd5 Ra8 23. Nxf6+ Bxf6 24. Bxf6 exf6 25. O-O Qe5 26. c3
Rfc8 27. Qe2 f5 28. Rfe1 Re8 29. Qf2 Rab8 30. Rad1 Qc5 31. Qxc5 dxc5 32.
exf5 Rxe1+ 33. Rxe1 Rxb2 34. fxg6 hxg6 35. Re5 Rb5 36. c4 Rb8 37. Rxc5 Ra8
38. Rb5 a4 39. Rb2 a3 40. Ra2 Ra4 41. g3 Rxc4 42. Rxa3 Rc2 43. Ra1 Kg7 44.
Rf1 Kh6 45. Rf2 Rc3 46. Kg2 g5 47. hxg5+ Kxg5 48. Kh3 f5 49. f4+ Kg6 50.
Rd2 Rb3 51. Rd6+ Kf7 52. Kh4 Re3 53. Ra6 Rb3 54. Ra2 Kg6 55. Ra6+ Kf7 56.
Kg5 Rxg3+ 57. Kxf5 Rb3 58. Ra7+ Kf8 59. Kg5 Rb6 60. f5 Rc6 61. f6 Rc1
1/2-1/2